Elenca la formazione - Quiz n°183 - Statistics

Statistiche generali
  • Questo quiz è stato fatto 55 volte
  • Il punteggio medio è 8 su 11
Statistiche sulle risposte
Ruolo Nazione Calciatore % Corretto
Portiere Repubblica Ceca Petr Čech
98%
Attaccante Spagna Fernando Torres
92%
Centrocampista Inghilterra Frank Lampard
81%
Difensore Spagna César Azpilicueta
79%
Difensore Inghilterra Gary Cahill
71%
Difensore Inghilterra Ashley Cole
69%
Trequartista Spagna Juan Manuel Mata
67%
Difensore Serbia Branislav Ivanović
65%
Ala Brasile Oscar
63%
Ala Brasile Ramires
63%
Centrocampista Brasile David Luiz
38%
Nessun quiz corrispondente trovato
Distribuzione punteggi
Percentuale di utenti per punteggio
Percentile per numero di risposta
I tuoi punteggi nel tempo
Non hai fatto questo quiz